| 000 | 00437nam a22001697a 4500 | ||
|---|---|---|---|
| 999 |
_c2802 _d2802 |
||
| 005 | 20181018181427.0 | ||
| 008 | 181018b ||||| |||| 00| 0 eng d | ||
| 020 | _a8172147147 | ||
| 040 | _cDLC | ||
| 082 |
_a227.7 _bH758P |
||
| 100 | _aHolt, Lucy | ||
| 245 |
_aPersonal Reflections on Colossians _cLucy Holt |
||
| 260 |
_aDelhi _bISPCK _c2003 |
||
| 300 | _a21p,; | ||
| 650 |
_aBible-Colossians _xMeditation-Reflection |
||
| 942 |
_2ddc _cBK |
||